000 00354nam a22001577a 4500
005 20250918121955.0
008 250918b |||||||| |||| 00| 0 eng d
082 _a891.4
_bLIA-L
100 _aDr Liaqat ALi Niazi
245 _a Liah /
260 _aPakistan:
_c2020.
300 _a120 p. :
650 _aurdu Litreature
999 _c37101
_d37101